000 00816nam a2200253Ia 4500
003 OSt
005 20220923221007.0
006 a|||||r|||| 00| 0
007 ta
008 220922b |||||||| |||| 00| 0 hin d
024 _a193,493
037 _cTextual
040 _aARTS
_cARTS
_bhin
041 _2hin
_ahin
082 _aO152,3xN, K6
100 _aका्रन्छल, के. के., संपा.
_9164944
245 0 _aहिन्दी गद्यायन
246 _aHindī gadyāyana
260 _aआगरा
_b रंजन प्रका0
_c1966
300 _a159पृ.
_ccm.
650 _aहिन्दी साहित्य
_9156264
942 _hO152,3xN, K6
_cTEXL
_2CC
999 _c345941
_d345941